000 00387nam a2200157Ia 4500
003 Ost
005 20260225132551.0
008 260225s9999||||xx |||||||||||||| ||und||
040 _cfsic
041 _afre
082 _a791.43
100 _aA.Laffay
_eAuteur
245 0 _aEvolution de sciences logique du cinéma et bcréation du spectacles /
245 0 _cA.Laffay
942 _cكتاب
999 _c34157
_d34157